Statistics for Random alphabet in 15 secondes

Click here to take the quiz!

General Stats

  • This quiz has been taken 66 times
  • The average score is 19 of 26

Answer Stats

LetterAnswer% Correct
BB
88%
DD
88%
CC
85%
EE
85%
FF
85%
JJ
85%
KK
85%
GG
82%
HH
82%
PP
82%
AA
79%
II
79%
LL
79%
MM
79%
NN
79%
OO
76%
SS
76%
QQ
71%
RR
71%
TT
62%
VV
53%
WW
53%
UU
50%
XX
44%
YY
41%
ZZ
29%

Score Distribution

Percentile by Number Answered

Percent of People with Each Score

Your Score History

You have not taken this quiz